Szczegóły MARC21

Deutsche Dichter. Bd. 4, Sturm und Drang, Klassik.

005 -DATA I CZAS OSTATNIEJ MODYFIKACJI [,]
    • @
    • pole kontrolne
    • 20070315155141.9
020 -Międzynarod. znormalizowany nr książki - ISBN [ , ]
    • a
    • Numer ISBN
    • 3150086140 Find
040 -Instytucja sporządzająca opis [ , ]
    • a
    • Instytucja, która sporządziła opis (NP)
    • SZCZ U
    • c
    • Instytucja, która sporządziła rekord (NP)
    • SZCZ U
041 -Język dokumentu [0, ]
    • a
    • Język tekstu (P)
    • niemiecki
    • h
    • Język tekstu oryginalnego i/lub pośredniego (P)
    • niemiecki
942 -Rodzaj dokumentu [ , ]
    • c
    • Rodzaj dokumentu
    • Książka
245 -Strefa tytułu i oznaczenia odpowiedzialności [0, ]
    • a
    • Tytuł
    • Deutsche Dichter. Find
    • n
    • Oznaczenie części (P)
    • Bd. 4,
    • p
    • Nazwa części (P)
    • Sturm und Drang, Klassik.
260 -Strefa adresu wydawniczego [ , ]
    • a
    • Miejsce wydania (P)
    • Stuttgart :
    • b
    • Nazwa wydawcy (P)
    • P.Reclam,
    • c
    • Data wydania (P)
    • 1992.
300 -Strefa opisu fizycznego [ , ]
    • a
    • Określenie formy książki i/lub objętość (NP)
    • 433 s :
    • b
    • Oznaczenie ilustracji (NP)
    • il :
    • c
    • Format (NP)
    • 15 cm.
490 -Strefa serii i książki wielotomowej - forma nie do wyszukiwania [0, ]
    • a
    • Tytuł (P)
    • (Universal-Bibliothek ; Find
    • v
    • Numeracja (P)
    • Nr 8611-)
500 -Uwaga ogólna [ , ]
    • a
    • Uwaga ogólna (NP)
    • Wydano w serii : "Universal-Bibliothek ; Nr 8611-18"Bibliogr
080 -Uniwersalna Klasyfikacja Dziesiętna [ , ]
    • a
    • Symbol klasyfikacji
    • 830(091)-1=30
080 -Uniwersalna Klasyfikacja Dziesiętna [ , ]
    • a
    • Symbol klasyfikacji
    • :929(082)=30
980 -Symbol UKD [ , ]
    • a
    • UKD
    • 830(091)-1=30:929(082)=30
700 -Hasło dodatkowe - nazwa osobowa [ , ]
    • a
    • Nazwa osobowa (NP)
    • Grimm Gunter E. Find
    • d
    • Daty biograficzne (NP)
    • oprac.
700 -Hasło dodatkowe - nazwa osobowa [ , ]
    • a
    • Nazwa osobowa (NP)
    • Max Frank Rainer Find
    • d
    • Daty biograficzne (NP)
    • oprac.
920 -ISBN [ , ]
    • a
    • ISBN
    • 3-15-008614-0 Find
Sygnatura Numer tomu Status udost. Numer inwentarzowy Lokalizacja Data inwentaryzacji
GERM.Literatura niemieckojęz. 21Bd.41G.9453BM1994-01-20